00529nam a2200181Ia 4500020001800000082001900018100001700037245007000054260004800124300001100172504003400183650002100217650002100238650001700259650002100276650001900297650003100316 a9781107602588 a363.73874 BRI- aStone, Brian 0aCity and the coming climate: climate change in the places we live aCambridgebCambridge University Pressc2012 ax, 187 aincludes references and index aCLIMATIC CHANGES aCITIES AND TOWNS aURBANISATION aGREENHOUSE GASES aGLOBAL WARMING aGLOBAL TEMPERATURE CHANGES